00776cam a2200205 450000100060000000300080000600500170001400800390003103500190007004000320008904100110012108200230013210000200015524501530017526000530032830000730038150400650045465100260051965100250054527949BD-RjUL20211209051224.0140329s1969 tu ae b 001 0 eng a(BD-RjUL)28030 aDLCcDLCdDLCdBD-RjULbeng1 aengtur00a915.6103bAKA 19691 aAkurgal, Ekrem.10aAncient civilisations and ruins of Turkey :bfrom prehistoric times until the end of the Roman Empire /cTranslated by John Whybrow and Mollie Emre. aİstanbul :b[Mobil Oil Türk A. Ş.],c1969. aviii, 312 p., 112 p. of plates :billus. (part col.) plans ;c20 cm. aIncludes bibliographical references ( p. 299-307) and index. 0aTurkeyxCivilization. 0aTurkeyxAntiquities.